• AIU
  • Tony Wilmot Memorial Library

Analysis and critique of traditional explanations of African indipendency (Record no. 31)

MARC details
000 -LEADER
fixed length control field 00888nam a22002051a 4500
020 ## - INTERNATIONAL STANDARD BOOK NUMBER
Terms of availability 0.00
040 ## - CATALOGING SOURCE
Original cataloging agency NEGST Library - Kenya
050 ## - LIBRARY OF CONGRESS CALL NUMBER
Classification number BR 1360.W43 2004
082 ## - DEWEY DECIMAL CLASSIFICATION NUMBER
Classification number BR 1360.W43 2004
100 ## - MAIN ENTRY--PERSONAL NAME
Personal name Weah, Jackson Garpu
245 ## - TITLE STATEMENT
Title Analysis and critique of traditional explanations of African indipendency
Remainder of title : a case study of the Eternity Worship Centre, Nairobi, Kenya
Statement of responsibility, etc by Jackson Garpu Weah
Medium [Text]
260 ## - PUBLICATION, DISTRIBUTION, ETC. (IMPRINT)
Place of publication, distribution, etc Nairobi, Kenya.]
Name of publisher, distributor, etc [NEGST
Date of publication, distribution, etc 2004
300 ## - PHYSICAL DESCRIPTION
Extent xi, 66 p. ; 29 cm.
440 ## - SERIES STATEMENT/ADDED ENTRY--TITLE
Title Thesis (M.A. Church History) Nairobi Evangelical Graduate School of Theology( Kenya)
500 ## - GENERAL NOTE
General note Includes bibliographical references Thesis [MA Church History) - NEGST Kenya [Africana]
600 ## - SUBJECT ADDED ENTRY--PERSONAL NAME
Personal name Christian church - Africa
600 ## - SUBJECT ADDED ENTRY--PERSONAL NAME
Personal name Church history.
852 ## - LOCATION/CALL NUMBER
-- 10.00
852 ## - LOCATION/CALL NUMBER
-- 10.00
Holdings
Withdrawn status Lost status Source of classification or shelving scheme Damaged status Not for loan Collection code Home library Current library Shelving location Date acquired Cost, normal purchase price Total Checkouts Total Renewals Full call number Barcode Date last seen Date checked out Copy number Price effective from Koha item type
    Library of Congress Classification     General Circulation AIU/NEGST - Tony Wilmot Memorial Library AIU/NEGST - Tony Wilmot Memorial Library General Stacks 06/05/2009 10.00 7 1 BR 1360.W43 2004 R10857A3232 04/11/2024 04/11/2024 1 06/05/2009 Africana collection (General)
    Library of Congress Classification     Thesis AIU/NEGST - Tony Wilmot Memorial Library AIU/NEGST - Tony Wilmot Memorial Library Thesis in Reference 06/05/2009 10.00     THE BR 1360.W43 2004 R10858J3232 09/26/2019   2 06/05/2009 Africana collection ( Reference)